| 000 | 00615nam a22001937a 4500 | ||
|---|---|---|---|
| 003 | OSt | ||
| 005 | 20180116183106.0 | ||
| 008 | http://10.6.22.24:9001/cgi-bin/koha/cata | ||
| 020 | _a0 | ||
| 040 | _c0 | ||
| 082 | _a418 BRO 1999 | ||
| 100 | _aSamuel C. Brownstein | ||
| 245 |
_aVacabulary Builder _bExpand your Vocabulary by Learning the words that appear most frequently on exams like the SAT, PSAT, GMAT and GRE _cSamuel C. Brownstein |
||
| 250 | _a9th Ed. | ||
| 260 |
_aNew Delhi _bNew Light Publishers _c1999 |
||
| 300 |
_a155p. _bpb. |
||
| 440 | _aVacabulary Builder | ||
| 942 |
_2ddc _cBK _k418 BRO 1999 |
||
| 999 |
_c352075 _d352075 |
||